000 00318nam a2200133 i 4500
001 bg
100 1 _aPULLOCH, D. S.
245 0 _aPhysical Fundaments of Materials Science /
_cD.S. Pulloch.
260 _aLondon,
_c1971.
040 _cBPK
041 _apol
942 _cKS
008 s pl f |000 0 pol
999 _c26514
_d26514
856 _uhttp://koha.tu.koszalin.pl/cgi-bin/koha/opac-detail.pl?biblionumber=26514
_yKatalog online BPK